000 00316nam a2200133Ia 4500
008 231129s1970||||xx |||||||||||||| ||spa||
040 _bspa
082 _a891.85 L481c
100 _aLem Stanislaw
245 0 _aEl congreso de futurologia
260 _c1970
264 _aCí­rculo de Lectores
942 _2ddc
_cBKS
999 _c10656
_d10656